<?xml version="1.0" encoding="UTF-8"?>
<collection xmlns="http://www.loc.gov/MARC21/slim">
 <record>
  <leader>02784pamaa2200229   4500</leader>
  <controlfield tag="001">0000048508</controlfield>
  <controlfield tag="005">20121206090000.0</controlfield>
  <controlfield tag="008">101216                             eng  </controlfield>
  <datafield tag="020" ind1="0" ind2="0">
   <subfield code="a">9780415423045 </subfield>
  </datafield>
  <datafield tag="090" ind1="0" ind2="0">
   <subfield code="a">TP248.27.A53 </subfield>
   <subfield code="b">ANI 2008</subfield>
  </datafield>
  <datafield tag="245" ind1="1" ind2="0">
   <subfield code="a">Animal cell technology : </subfield>
   <subfield code="b">from biopharmaceuticals to gene therapy / edited by Leda R. Castilho ... [et al.].</subfield>
  </datafield>
  <datafield tag="260" ind1="0" ind2="0">
   <subfield code="a">New York ; Abingdon [England]: </subfield>
   <subfield code="b">Taylor &amp; Francis Group, </subfield>
   <subfield code="c">2008.</subfield>
  </datafield>
  <datafield tag="300" ind1=" " ind2=" ">
   <subfield code="a">xxxvii, 518 p.: </subfield>
   <subfield code="b">ill.; </subfield>
   <subfield code="c">26 cm.</subfield>
  </datafield>
  <datafield tag="501" ind1="0" ind2="0">
   <subfield code="a">FAS</subfield>
  </datafield>
  <datafield tag="504" ind1="0" ind2="0">
   <subfield code="a">Includes bibliographical references and index</subfield>
  </datafield>
  <datafield tag="505" ind1="0" ind2="0">
   <subfield code="a">Introduction to animal cell technology / Paula Marques Alves, Manuel Jos ̌Teixeira Carrondo, &amp; Pedro Estilita Cruz -- Animal cells : basic concepts / Patricia Lǒ ... [et al.] -- Cloning and expression of heterologous proteins in animal cells / Mariela Bollati-Fogoln̕ &amp; Marcelo A. Comini -- Cell metabolism and its control in culture / Paola Amable &amp; Michael Butler -- Culture media for animal cells / Angela Maria Moraes, Ronaldo Zucatelli Mendonȧ, &amp; Claudio Alberto Torres Suazo -- Post-translational modification of recombinant proteins / Michael Butler -- Mechanisms of cell proliferation and cell death in animal cell culture in vitro / Mar̕a Peixoto Pellegrini, Rodrigo Coelho Ventura Pinto, &amp; Leda dos Reis Castilho -- Mathematical models for growth and product synthesis in animal cell culture / Elisabeth F.P. Augusto, Manuel F. Barral, &amp; Rosane A.M. Piccoli -- Bioreactors for animal cells / Ernesto Chico Vľiz, Gryssell Rodrg̕uez, &amp; Alvio Figueredo Cardero -- Monitoring and control of cell cultures / Aldo Tonso -- Animal cell separation / Leda dos Reis Castilho &amp;&lt;U+000d&gt;&lt;U+000a&gt; Ricardo de Andrade Medronho -- Product purification processes  / Angela Maria Moraes, Leda Castilho, &amp; Sn̥ia Maria Alves Bueno -- Quality control of biotechnological products / Marina Etcheverrigaray &amp; Ricardo Kratje -- Regulatory aspects / Maria Teresa Alves Rodrigues &amp; Ana Maria Moro -- Intellectual property / Ana Cristina Almeida Muller &amp; Leila Costa Duarte Longa -- Recombinant therapeutic proteins / Maria Candida Maia Mellado &amp; Leda dos Reis Castilho -- Monoclonal antibodies / Wirla M.S.C. Tamashiro &amp; Elisabeth F.P. Augusto -- Viral vaccines : concepts, principles, and bioprocesses / Isabel Maria Vicente Guedes de Carvalho Mello ... [et al.] -- Bioinsecticides / Mr̀cia Regina da Silva Pedrini &amp; Ronaldo Zucatelli Mendonȧ -- Cell therapies and stem cells / Hamilton da Silva Jr. &amp; Radovan Borojevic -- Gene therapy / Cľio Lopes Silva ... [et al.]</subfield>
  </datafield>
  <datafield tag="650" ind1="0" ind2="0">
   <subfield code="a">Animal cell biotechnology </subfield>
  </datafield>
  <datafield tag="650" ind1="0" ind2="0">
   <subfield code="a">Biotechnology </subfield>
  </datafield>
  <datafield tag="650" ind1="0" ind2="0">
   <subfield code="a">Cells, Cultured </subfield>
  </datafield>
  <datafield tag="650" ind1="0" ind2="0">
   <subfield code="a">Cell Culture Techniques -- </subfield>
   <subfield code="x">veterinary </subfield>
  </datafield>
  <datafield tag="700" ind1="1" ind2="1">
   <subfield code="a">Castilho, </subfield>
   <subfield code="h">Leda dos Reis </subfield>
  </datafield>
  <datafield tag="901" ind1=" " ind2=" ">
   <subfield code="u">http://www.taylorandfrancisgroup.com</subfield>
  </datafield>
 </record>
</collection>
